000 00520nam a2200193Ia 4500
003 OSt
005 20240419164145.0
008 210210b1969 xxu||||| |||| 00| 0 eng d
040 _aAL
_c
041 _aKannada
082 _aK894.2 GUNA
100 _aGUNDANNA (G)
_917502
_dಗುಂಡಣ್ಣ (ಜಿ)
245 _aAdi jina tanayaru
_bಆದಿ ಜಿನ ತನಯರು
260 _aMysore
_bYashasvi Prakashana
_c1969
300 _a160
690 _aKannada Drama
_917503
906 _a026906
942 _2ddc
_cBK
999 _c78213
_d78213